College Quizbowl Stats
College Quizbowl Stats
Circuits
Seasons
Sets
Records
Detailed Stats
About
Loading...
2024 ACF Winter at Online
Tossups
Bonuses
Players
Teams
Categories (Tossup)
Categories (Bonus)
Abbie Ahlbrandt (D2)
Arkansas A
Categories
Category
Powers
Gets
Negs
BBs
Points
Earliest Buzz
Avg. Buzz
First Buzzes
Top 3 Buzzes
Fine Arts - Visual Fine Arts
0
2
0
0
20
89
98.50
0
1
Pop Culture
0
1
0
1
10
142
142.00
0
0
Fine Arts - Other Fine Arts
0
1
1
0
5
131
131.00
0
0
History - European History
0
0
0
0
0
0.00
0
0
Buzzes
Category
Answer
Value
Buzz Position
Fine Arts - Other Fine Arts
nightclubs
-5
78
Fine Arts - Visual Fine Arts
The Ecstasy of Saint Theresa
10
89
Fine Arts - Visual Fine Arts
quilts
10
108
History - European History
Great Exhibition
0
127
Fine Arts - Other Fine Arts
knitting
10
131
Pop Culture
sex worker
10
142
Previous
1
Next